000 00241nam a22001097a 4500
082 _a920/MON
100 _aMondal,Bajai
_983568
245 _aSubhas Chandra Bose
260 _aKolkata
_bB Mandal
_c2022
650 _aBiography
942 _cBK
999 _c68510
_d68510